Nemocenské

Vznik a zánik nároku jednotlivým skupinám poistencov na nemocenskú dávku a doba trvania podporného obdobia. Ďalšie otázky súvisiace s nemocenským. Príklady.

Saved in:
Bibliographic Details
Main Author: Ivanišová, Anna
Format: Book Chapter
Language:Slovak
Subjects:
Tags: Add Tag
No Tags, Be the first to tag this record!

MARC

LEADER 00000nla a2200000 4500
001 0174682
005 20220729105153.1
041 0 |a slo 
044 |a SK 
245 1 0 |a Nemocenské  |c Anna Ivanišová 
520 |a Vznik a zánik nároku jednotlivým skupinám poistencov na nemocenskú dávku a doba trvania podporného obdobia. Ďalšie otázky súvisiace s nemocenským. Príklady. 
610 2 0 |a poistenie sociálne 
610 2 0 |a nemocenské 
610 2 0 |a dávky poistenia nemocenského 
610 2 0 |a doba zamestnania 
610 2 0 |a plnenie poistné 
100 1 |a Ivanišová, Anna